Zara Larsson's UK Singles Chart History - Statistics

General Stats
  • This quiz has been taken 16 times
    4 since last reset
  • The average score is 13 of 19
Answer Stats
Peak Position Song Weeks On Chart Debut Date % Correct
#13 Ain't My Fault 21 Sep 15th 2016
100%
#5 Girls Like 31 Mar 10th 2016
100%
#3 Lush Life 84 Jan 14th 2016
100%
#7 Midnight Sun 22 Jan 8th 2026
100%
#5 Never Forget You 47 Sep 24th 2015
100%
#9 Ruin My Life 17 Nov 1st 2018
100%
#1 Symphony 53 Mar 30th 2017
100%
#25 Can't Tame Her 16 Mar 16th 2023
75%
#15 On My Love 29 Sep 28th 2023
75%
#16 This One's For You 18 May 26th 2016
75%
#36 Words 18 Jun 30th 2022
75%
#58 All The Time 10 Jul 4th 2019
50%
#34 Don't Worry Bout Me 10 Apr 11th 2019
50%
#2 I Would Like 27 Nov 24th 2016
50%
#40 SHE DID IT AGAIN 6 Apr 30th 2026
50%
#44 So Good 4 Feb 9th 2017
50%
#83 Eurosummer 1 May 14th 2026
25%
#49 Like It Is 14 Apr 9th 2020
0%
#79 Now You're Gone 7 Mar 14th 2019
0%
No matching quizzes found
Score Distribution
Percent of People with Each Score
Percentile by Number Answered
Your Score History
You have not taken this quiz since the last reset